[Event "North American-ch U20 Girls"]
[Site "Dulles"]
[Date "2023.12.20"]
[Round "3"]
[White "Tang, Zoey"]
[Black "Zhu, Jenny"]
[Result "1-0"]
[WhiteElo "2284"]
[BlackElo "1789"]
[PlyCount "72"]
[EventDate "2023.12.19"]
[EventType "swiss"]
[EventRounds "9"]
[EventCountry "USA"]
[SourceTitle "CB52_2023"]
[SourceDate "2023.12.27"]
[SourceVersion "1"]
[SourceVersionDate "2023.12.27"]
[SourceQuality "1"]

1. d4 d5 2. c4 e6 3. Nc3 c5 4. cxd5 cxd4 5. Qa4+ Bd7 6. Qxd4 exd5 7. Qxd5 Nf6 8. Qxb7 Nc6 9. Bf4 Rc8 10. Qb3 Bb4 11. e3 Qe7 12. Nf3 Na5 13. Qc2 Nd5 14. Be5 f6 15. a3 fxe5 16. axb4 Nxb4 17. Qd1 Nac6 18. Be2 0-0 19. 0-0 Be6 20. Qa4 h6 21. Rac1 Kh8 22. Bb5 Bd7 23. Na2 Nxa2 24. Qxa2 Nb4 25. Qxa7 Rcd8 26. Rfd1 e4 27. Rxd7 Rxd7 28. Qxd7 Qxd7 29. Bxd7 exf3 30. gxf3 Rxf3 31. Rc4 Na6 32. b4 Rf7 33. Bb5 Nc7 34. Bc6 g5 35. b5 Rf8 36. b6 Ne6 1-0

[Event "USA-ch U20 Girls"]
[Site "Saint Louis"]
[Date "2023.07.18"]
[Round "4"]
[White "Lee, Alice"]
[Black "Tang, Zoey"]
[Result "1-0"]
[WhiteElo "2393"]
[BlackElo "2290"]
[PlyCount "91"]
[EventDate "2023.07.15"]
[EventType "tourn"]
[EventRounds "9"]
[EventCountry "USA"]
[SourceTitle "CBM 215 Extra"]
[Source "ChessBase"]
[SourceDate "2023.09.30"]
[SourceVersion "1"]
[SourceVersionDate "2023.09.30"]
[SourceQuality "1"]

1. d4 d5 2. c4 c6 3. Nf3 Nf6 4. e3 e6 5. Nc3 Nbd7 6. Be2 Bd6 7. 0-0 0-0 8. b3 Ne4 9. Bb2 f5 10. Qc1 Qf6 11. Nd2 Qh6 12. f4 g5 13. Ndxe4 fxe4 14. g3 Nf6 15. Ba3 Bxa3 16. Qxa3 Bd7 17. Qd6 Rf7 18. Qe5 g4 19. Qg5+ Qg7 20. c5 h6 21. Qxg7+ Kxg7 22. b4 h5 23. b5 h4 24. bxc6 bxc6 25. gxh4 Rh8 26. Rf2 Rxh4 27. Rg2 Kf8 28. Nd1 Rg7 29. Nf2 Be8 30. Rb1 Bh5 31. Rb8+ Be8 32. Bd1 Rhh7 33. Nxg4 Nxg4 34. Bxg4 Rb7 35. Rb2 Rbg7 36. h3 Rxh3 37. Rxe8+ Kxe8 38. Rb8+ Kf7 39. Rb7+ Kf6 40. Rxg7 Rxe3 41. Kf2 Ra3 42. Rc7 Rxa2+ 43. Kg3 Ra3+ 44. Kh4 Ra6 45. Bh5 e5 46. Rf7+ 1-0

[Event "PRO League Prelim"]
[Site "Chess.com INT"]
[Date "2023.03.09"]
[Round "4.1"]
[White "Tang, Zoey"]
[Black "Sevian, Samuel"]
[Result "0-1"]
[WhiteElo "2063"]
[BlackElo "2687"]
[PlyCount "96"]
[EventDate "2023.02.14"]
[EventType "team-swiss (rapid)"]
[EventRounds "5"]
[EventCountry "USA"]
[SourceTitle "CBM 213 Extra"]
[Source "ChessBase"]
[SourceDate "2023.05.31"]
[SourceVersion "1"]
[SourceVersionDate "2023.05.31"]
[SourceQuality "1"]
[WhiteTeam "California Unicorns"]
[BlackTeam "Garden State Passers"]
[WhiteTeamCountry "USA"]
[BlackTeamCountry "USA"]

1. d4 Nf6 2. Bg5 Ne4 3. Bf4 d5 4. e3 c6 5. Bd3 Qb6 6. Bxe4 dxe4 7. Nc3 Bf5 8. Nge2 e6 9. 0-0 Bb4 10. Ng3 Bxc3 11. bxc3 Bg6 12. Bd6 Nd7 13. Qe2 Qa5 14. c4 Nb6 15. Rfd1 Nc8 16. Bf4 0-0 17. h4 h6 18. Qg4 h5 19. Qe2 Ne7 20. Bd6 Rfe8 21. Bxe7 Rxe7 22. c5 b6 23. Nxh5 bxc5 24. Nf4 Bf5 25. c4 cxd4 26. exd4 Rd8 27. Qe3 Red7 28. Ne2 Qa6 29. Qc3 Bg4 30. f3 exf3 31. gxf3 Bf5 32. Kh1 c5 33. Rd2 cxd4 34. Rxd4 Rxd4 35. Nxd4 Bg6 36. Rg1 e5 37. Ne2 Qe6 38. Kh2 Rd3 39. Qc1 Rxf3 40. Ng3 Rf4 41. h5 Rh4+ 42. Kg2 Qh3+ 43. Kf2 Rf4+ 44. Ke1 Bxh5 45. Nxh5 Qxh5 46. Qe3 Qh4+ 47. Kd1 Rd4+ 48. Ke2 Re4 0-1

[Event "PRO League Prelim"]
[Site "Chess.com INT"]
[Date "2023.02.22"]
[Round "2.4"]
[White "Tang, Zoey"]
[Black "Nurmanova, Alua"]
[Result "1-0"]
[WhiteElo "2063"]
[BlackElo "2231"]
[PlyCount "137"]
[EventDate "2023.02.14"]
[EventType "team-swiss (rapid)"]
[EventRounds "5"]
[EventCountry "USA"]
[SourceTitle "CBM 213 Extra"]
[Source "ChessBase"]
[SourceDate "2023.05.31"]
[SourceVersion "1"]
[SourceVersionDate "2023.05.31"]
[SourceQuality "1"]
[WhiteTeam "California Unicorns"]
[BlackTeam "Gotham Knights"]
[WhiteTeamCountry "USA"]
[BlackTeamCountry "USA"]

1. d4 Nf6 2. c4 g6 3. Nc3 Bg7 4. e4 d6 5. Be2 0-0 6. Be3 e5 7. d5 Na6 8. g4 Nc5 9. f3 h5 10. g5 Nh7 11. h4 f6 12. Qd2 fxg5 13. hxg5 Rf4 14. Bxf4 exf4 15. Qxf4 Be5 16. Qe3 Qf8 17. Nb5 Qf7 18. Rd1 Bg3+ 19. Kf1 Bf4 20. Qf2 Nxg5 21. Bd3 Be5 22. b4 Na4 23. Rh4 a6 24. f4 Nb2 25. Rd2 Nxd3 26. Rxd3 Nxe4 27. Qf3 Bg7 28. Nd4 Bf5 29. Nxf5 Qxf5 30. Qh3 Qf7 31. Qe6 Qxe6 32. dxe6 Re8 33. f5 gxf5 34. Rxh5 f4 35. Rh4 Ng3+ 36. Kg2 Be5 37. Nh3 Ne2 38. Kf2 Rxe6 39. Rg4+ Bg7 40. Nxf4 Nxf4 41. Rxf4 Rh6 42. Rdf3 Rh2+ 43. Kf1 Rxa2 44. Rf7 Ra1+ 45. Kg2 Ra2+ 46. Kh3 Rb2 47. Rxc7 Be5 48. Rxb7 Rh2+ 49. Kg4 Rc2 50. Kf5 Rxc4 51. Ke6 Rg4 52. Rff7 Rg6+ 53. Kd5 Rg1 54. Rfd7 Rf1 55. Rb8+ Rf8 56. Rxf8+ Kxf8 57. Ra7 Bc3 58. Kc4 Be1 59. Rxa6 Ke7 60. Ra7+ Ke6 61. b5 Bf2 62. Ra8 Bc5 63. Rc8 Kd7 64. Rc6 Ba7 65. Kd5 Bb8 66. b6 Kd8 67. b7 Bc7 68. Rxd6+ Bxd6 69. Kxd6 1-0

[Event "Chesterfield SPICE Cup op"]
[Site "Chesterfield"]
[Date "2022.12.20"]
[Round "4"]
[White "Tang, Zoey"]
[Black "Hardaway, Brewington"]
[Result "0-1"]
[WhiteElo "2201"]
[BlackElo "2279"]
[PlyCount "166"]
[EventDate "2022.12.18"]
[EventType "swiss"]
[EventRounds "9"]
[EventCountry "USA"]
[SourceTitle "CBM 212 Extra"]
[Source "ChessBase"]
[SourceDate "2023.03.31"]
[SourceVersion "1"]
[SourceVersionDate "2023.03.31"]
[SourceQuality "1"]

1. d4 Nf6 2. Bg5 Ne4 3. Bf4 c5 4. f3 Qa5+ 5. c3 Nf6 6. d5 e6 7. e4 exd5 8. e5 Qc7 9. Bg3 Nh5 10. Qxd5 Nxg3 11. hxg3 d6 12. Na3 Be6 13. Qe4 d5 14. Qa4+ Nc6 15. f4 0-0-0 16. 0-0-0 a6 17. Nf3 Be7 18. Bd3 Bd7 19. Qc2 g6 20. Qd2 Bg4 21. Nc2 Qa5 22. Kb1 Be6 23. Nh4 d4 24. c4 Qxd2 25. Rxd2 f6 26. exf6 Bxf6 27. Re2 Bg4 28. Nf3 b5 29. b3 bxc4 30. bxc4 Kd7 31. Nce1 Kd6 32. Rb2 Rd7 33. Kc1 Re7 34. Nh2 Be6 35. Rb6 Bc8 36. a3 Kc7 37. Rb2 Rhe8 38. Kd1 Na5 39. Nhf3 Nb7 40. Nd2 Bd7 41. Nef3 Re3 42. Be4 Nd6 43. Bd5 h5 44. Ra2 Ba4+ 45. Kc1 Nf5 46. Bf7 Rb8 47. Nb1 Nxg3 48. Re1 Reb3 49. Nfd2 Re3 50. Nf3 Rxe1+ 51. Nxe1 Be8 52. Bd5 Bd7 53. Bf3 Nf5 54. Nd3 Be7 55. Ne5 Be8 56. Nd2 g5 57. g4 hxg4 58. Bxg4 Ne3 59. fxg5 Bxg5 60. Bh3 Rb6 61. Ne4 Bh6 62. Nd2 Kd6 63. Ng4 Bf4 64. Nf6 Bf7 65. Nde4+ Ke7 66. Rf2 Bh6 67. Rf3 Nd5+ 68. Kc2 Nxf6 69. Nxc5 Rc6 70. Nb3 Rxc4+ 71. Kb2 Bg6 72. Bf5 Bh5 73. Rh3 Be3 74. Bd3 Rc6 75. a4 Bf7 76. Bc2 Rb6 77. Ka3 Ng4 78. Rh7 Ne5 79. a5 Rc6 80. Be4 Rd6 81. Nc5 d3 82. Nxd3 Nxd3 83. Rh3 Bc5+ 0-1